Las increíbles aventuras de Don Quijote / (Registro nro. 12443)

Detalles MARC
000 -LIDER
fixed length control field 01119nam a22002895b 4500
001 - NÚMERO DE CONTROL
Identificador de número de control
003 - IDENTIFICACDOR DE NÚMERO DE CONTROL
control field DO-SdBPM
005 - DATE AND TIME OF LATEST TRANSACTION
control field 20250113124816.0
008 - ELEMENTOS DE LONGITUD FIJA
fixed length control field 920624s1992 sp | |||| ||spa
017 ## - NÚMERO DE REGISTRO DE DERECHOS DE AUTOR
Copyright or legal deposit number
Assigning agency
020 ## - ISBN
International Standard Book Number 8447100022
040 ## - FUENTE DE CATALOGACIÓN
Agencia que crea de manera original el registro DO-SdBPM
Idioma de catalogación spa
Agencia que realiza la transcripción BPMSU
Convenciones de la despripción
082 #4 - NÚMERO DE CLASIFICACIÓN DECIMAL DE DEWEY
Classification number Co863.6
Item number H731i 1992
Edition number 22
100 1# - ASIENTO PRINCIPAL -- NOMBRE PERSONAL
Nombre personal Holguín, Elvira
Fechas asociadas con el nombre 1960-
245 14 - MENCIÓN DE TITULO
Título Las increíbles aventuras de Don Quijote /
Mención de responsabilidad de Miguel de Cervantes ; adaptación textos, Elvira Holguín ; ilustraciones de Miguel Díaz ... et al.
Medio (Designación general de material)
246 12 - VARIACION DEL TÍTULO
Título propiamente dicho o título corto Don Quijote es armando caballero
260 ## - PUBLICACIÓN, DISTRIBUCIÓN, ETC. (PIE DE IMPRENTA)
Lugar de publicación, distribución, etc Sant Boi de Llobregat, Barcelona
Nombre del editor, distribuidor, etc. Salvat,
Fecha de publicación, distribución, etc 1992-
300 ## - DESCRIPCIÓN FÍSICA
Extensión 25]; p.
Otros detalles físicos il.
Dimensiones 28 cm
490 #4 - MENCIÓN DE SERIES
Mención de serie Don Quijoete es armando caballero de la Mancha ,
Volume/sequential designation 2
590 ## - NOTA LOCAL
Texto de la nota local Inventariado, 2025/VM
600 14 - ENCABEZAMIENTO DE MATERIA--NOMBRE PERSONAL
Nombre personal Cervantes Saavedra, Miguel de
Fechas asociadas con el nombre 1547-1616
Título de una obra Las increíbles aventuras de Don Quijote
Subdivisión temática general Adaptaciones infantiles
Fuente del encabezado o término
650 #4 - ENCABEZAMIENTO DE MATERIA--TEMÁTICO
Término temático o nombre geográfico como elemento de entrada Cuentos infantiles colombianos
650 #4 - ENCABEZAMIENTO DE MATERIA--TEMÁTICO
Término temático o nombre geográfico como elemento de entrada Libros ilustrados para niños
700 1# - ASIENTO SECUNDARIO -- NOMBRE PERSONAL
Nombre personal Díaz, Miguel
Numeración iustraciones
Fechas asociadas con el nombre 1930-
910 ## - VALIDACIÓN
Validación VMateo V. Control de calidad. BPMSU
942 ## - ADDED ENTRY ELEMENTS (KOHA)
Source of classification or shelving scheme Dewey Decimal Classification
Koha item type Libros
Existencias
Withdrawn status Lost status Source of classification or shelving scheme Damaged status Not for loan Collection code Home library Current library Date acquired Source of acquisition Total Checkouts Full call number Barcode Date last seen Price effective from Koha item type
    Dewey Decimal Classification     Colección Infantil General Biblioteca Pública Metropolitana Salomé Ureña Biblioteca Pública Metropolitana Salomé Ureña 01/12/2017 FUNDI   BPMSU CGI Co863.6 H731i 1992 BPMSU17010007 01/12/2017 01/12/2017 Libros